Piosenki Queen - Statystyki

Ogólne statystyki
  • Ten quiz został rozwiązany 20 razy
  • Średni wynik to 31 z 170
Statystyki odpowiedzi
Odpowiedź % Poprawnych
A Kind of Magic A Kind of Magic
75%
A Night at the Opera Bohemian Rhapsody
75%
Hot Space Under Pressure
75%
Sheer Heart Attack Killer Queen
69%
News of the World We Are the Champions
69%
Jazz Bicycle Race
63%
Jazz Don't Stop Me Now
63%
Innuendo Innuendo
63%
The Works Radio Ga Ga
63%
A Day at the Races Somebody to Love
63%
The Miracle The Miracle
63%
News of the World We Will Rock You
63%
The Miracle Breakthru
56%
The Works I Want to Break Free
56%
Innuendo The Show Must Go On
56%
A Night at the Opera I'm in Love with My Car
50%
The Game Play the Game
50%
Queen I | Queen II Seven Seas of Rhye
50%
News of the World Sheer Heart Attack
50%
A Kind of Magic Who Wants to Live Forever
50%
The Game Another One Bites the Dust
44%
Flash Gordon Flash's Theme
44%
Innuendo Headlong
44%
Made in Heaven Made in Heaven
44%
A Kind of Magic One Vision
44%
A Night at the Opera '39
38%
A Day at the Races Good Old-Fashioned Lover Boy
38%
The Works Hammer to Fall
38%
The Miracle I Want It All
38%
The Miracle The Invisible Man
38%
A Night at the Opera You're My Best Friend
38%
Jazz Fat Bottomed Girls
31%
The Works It's a Hard Life
31%
Made in Heaven I Was Born to Love You
31%
Queen I Keep Yourself Alive
31%
Queen I Liar
31%
A Night at the Opera Love of My Life
31%
The Game Save Me
31%
Innuendo These Are the Days of Our Lives
31%
Made in Heaven Too Much Love Will Kill You
31%
Hot Space Cool Cat
25%
The Game Crazy Little Thing Called Love
25%
A Night at the Opera Death on Two Legs (Dedicated to...)
25%
The Game Don't Try Suicide
25%
A Kind of Magic Friends Will Be Friends
25%
A Night at the Opera God Save the Queen
25%
Made in Heaven Heaven for Everyone
25%
Queen I Jesus
25%
Queen I Modern Times Rock 'n' Roll
25%
Made in Heaven Mother Love
25%
A Kind of Magic One Year of Love
25%
The Miracle Scandal
25%
Queen II The March of the Black Queen
25%
Queen I Great King Rat
19%
Innuendo I'm Going Slightly Mad
19%
Jazz Mustapha
19%
Queen I My Fairy King
19%
Sheer Heart Attack Now I'm Here
19%
A Kind of Magic Princes of the Universe
19%
News of the World Spread Your Wings
19%
Sheer Heart Attack Stone Cold Crazy
19%
A Day at the Races The Millionaire Waltz
19%
Made in Heaven A Winter's Tale
13%
Hot Space Back Chat
13%
Hot Space Body Language
13%
Sheer Heart Attack Brighton Rock
13%
Sheer Heart Attack Bring Back That Leroy Brown
13%
Sheer Heart Attack Dear Friends
13%
Innuendo Delilah
13%
Queen I Doing All Right
13%
A Day at the Races Drowse
13%
Sheer Heart Attack Flick of the Wrist
13%
Sheer Heart Attack In the Lap of the Gods
13%
Sheer Heart Attack In the Lap of the Gods (Revisited)
13%
The Works Is This the World We Created...?
13%
Jazz Jealousy
13%
Jazz Let Me Entertain You
13%
Queen II Ogre Battle
13%
Queen I Son and Daughter
13%
Sheer Heart Attack Tenement Funster
13%
A Day at the Races Teo Torriatte (Let Us Cling Together)
13%
Queen I The Night Comes Down
13%
Flash Gordon The Wedding March
13%
Hot Space The Words of Love
13%
A Day at the Races Tie Your Mother Down
13%
The Miracle Was It All Worth It
13%
A Day at the Races White Man
13%
Made in Heaven You Don't Fool Me
13%
News of the World All Dead, All Dead
6%
Innuendo All God's People
6%
Innuendo Bijou
6%
Hot Space Calling All Girls
6%
The Game Coming Soon
6%
Hot Space Dancer
6%
A Kind of Magic Don't Lose Your Head
6%
Innuendo Don't Try So Hard
6%
The Game Dragon Attack
6%
Jazz Dreamer's Ball
6%
Queen II Father to Son
6%
News of the World Fight from the Inside
6%
Jazz Fun It
6%
News of the World Get Down, Make Love
6%
A Night at the Opera Good Company
6%
Jazz If You Can't Beat Them
6%
Jazz In Only Seven Days
6%
Made in Heaven It's a Beautiful Day
6%
Made in Heaven It's A Beautiful Day (Reprise) /Yeah
6%
The Miracle Khashoggi's Ship
6%
Jazz Leaving Home Ain't Easy
6%
Hot Space Life Is Real (Song for Lennon)
6%
Sheer Heart Attack Lily of the Valley
6%
The Works Man on the Prowl
6%
Sheer Heart Attack Misfire
6%
Jazz More of That Jazz
6%
The Miracle My Baby Does Me
6%
The Game Need Your Loving Tonight
6%
A Kind of Magic Pain Is So Close to Pleasure
6%
The Miracle Party
6%
Queen II Procession
6%
The Miracle Rain Must Fall
6%
Innuendo Ride the Wild Wind
6%
The Game Rock It (Prime Jive)
6%
The Game Sail Away Sweet Sister
6%
A Night at the Opera Seaside Rendezvous
6%
Sheer Heart Attack She Makes Me (Stormtrooper in Stilettoes)
6%
News of the World Sleeping on the Sidewalk
6%
Hot Space Staying Power
6%
A Night at the Opera Sweet Lady
6%
Innuendo The Hitman
6%
Queen II The Loser in the End
6%
A Night at the Opera The Prophet's Song
6%
Queen II White Queen (as It Began)
6%
News of the World Who Needs You
6%
Hot Space Action This Day
0%
Flash Gordon Arboria (Planet of the Tree Men)
0%
Flash Gordon Battle Theme
0%
Flash Gordon Crash Dive on Mingo City
0%
Jazz Dead on Time
0%
Flash Gordon Escape from the Swamp
0%
Flash Gordon Execution of Flash
0%
Flash Gordon Flash's Theme Reprise (Victory Celebrations)
0%
Flash Gordon Flash to the Rescue
0%
Flash Gordon Football Fight
0%
Queen II Funny How Love Is
0%
A Kind of Magic Gimme the Prize (Kurgan's Theme)
0%
Innuendo I Can't Live with You
0%
Flash Gordon In the Death Cell (Love Theme Reprise)
0%
Flash Gordon In the Space Capsule (The Love Theme)
0%
News of the World It's Late
0%
The Works Keep Passing the Open Windows
0%
A Night at the Opera Lazing on a Sunday Afternoon
0%
Made in Heaven Let Me Live
0%
A Day at the Races Long Away
0%
The Works Machines (Back to Humans)
0%
Flash Gordon Marriage of Dale and Ming (And Flash Approaching)
0%
Flash Gordon Ming's Theme (In the Court of Ming the Merciless)
0%
Made in Heaven My Life Has Been Saved
0%
News of the World My Melancholy Blues
0%
Queen II Nevermore
0%
Hot Space Put Out the Fire
0%
Queen II Some Day One Day
0%
The Works Tear It Up
0%
Queen II The Fairy Feller's Master-Stroke
0%
Flash Gordon The Hero
0%
Flash Gordon The Kiss (Aura Resurrects Flash)
0%
Flash Gordon The Ring (Hypnotic Seduction of Dale)
0%
Flash Gordon Vultan's Theme (Attack of the Hawk Men)
0%
A Day at the Races You and I
0%
A Day at the Races You Take My Breath Away
0%
Nie znaleziono quizów pasujących do podanych kryteriów
Rozkład punktacji
Procent ludzi z każdym wynikiem
Percentyl według liczby udzielonych odpowiedzi
Twoja historia wyników
Nie rozwiązałeś tego quizu